| 000 | 00857nam a2200229Ia 4500 | ||
|---|---|---|---|
| 003 | Ost | ||
| 005 | 20260507075125.0 | ||
| 008 | 260507s9999||||xx |||||||||||||| ||und|| | ||
| 020 | _a5308109959 | ||
| 040 | _cfsecg | ||
| 041 | _aara | ||
| 082 | _a0 | ||
| 100 |
_aعلي حمادي، بروين _eمؤلف |
||
| 245 | 0 |
_aالجبر المجرد : _bالزمر والحلقات / _c بروين علي حمادي |
|
| 260 |
_aبنغازي: _bجامعة عمر المختار, _c2005 |
||
| 300 |
_a374 صفحة؛ _bإيضاحات ؛ _c25 سم |
||
| 520 | _aالزمر-زمر القسمة والتشاكلات الزمرية-مبرهنات سايلو-الحلقات المثاليات-حلقات متعددة الحدود وتوسيعات الحقل | ||
| 653 | _aالتشاكلات | ||
| 653 | _aالجبر | ||
| 653 | _aالزمر | ||
| 942 | _cكتاب | ||
| 999 |
_c43143 _d43143 |
||